000
00209nam a2200097Ia 4500
008
190216s9999||||xx |||||||||||||| ||und||
100
_a
Null
245
0
_a
Population
260
_b
Cambridge Uty Press
942
_c
BK
999
_c
9149
_d
9149